| 000 | 00384nam a2200145Ia 4500 | ||
|---|---|---|---|
| 008 | 230917s9999||||xx |||||||||||||| ||und|| | ||
| 040 |
_e114988 _aMAIN |
||
| 041 | _aEnglish | ||
| 082 | _a352.0542 D886P | ||
| 100 | _aPrasad, Govind | ||
| 245 | 0 | _aPanchayati raj and development of Ambedkar gaon ka vikas | |
| 260 |
_aNew Delhi _bDiscovery _c2007 |
||
| 300 | _a360p p. | ||
| 942 | _cBK | ||
| 999 |
_c139826 _d139826 |
||